An Interoduction Programming Using Visual Basic 2010 (Record no. 25672)

MARC details
000 -LEADER
fixed length control field 00434nam a22001817a 4500
003 - CONTROL NUMBER IDENTIFIER
control field OSt
005 - DATE AND TIME OF LATEST TRANSACTION
control field 20220103091224.0
008 - FIXED-LENGTH DATA ELEMENTS--GENERAL INFORMATION
fixed length control field 220103b |||||||| |||| 00| 0 eng d
020 ## - INTERNATIONAL STANDARD BOOK NUMBER
International Standard Book Number 9780132128568
040 ## - CATALOGING SOURCE
Transcribing agency HU
082 ## - DEWEY DECIMAL CLASSIFICATION NUMBER
Classification number 006.7882
100 ## - MAIN ENTRY--PERSONAL NAME
Personal name Schneider I. dAVID
9 (RLIN) 26727
245 ## - TITLE STATEMENT
Title An Interoduction Programming Using Visual Basic 2010
250 ## - EDITION STATEMENT
Edition statement 8ed
260 ## - PUBLICATION, DISTRIBUTION, ETC.
Place of publication, distribution, etc. CO
Name of publisher, distributor, etc. USA
300 ## - PHYSICAL DESCRIPTION
Type of unit 710
942 ## - ADDED ENTRY ELEMENTS (KOHA)
Source of classification or shelving scheme Dewey Decimal Classification
Koha item type Books like text book referance book
Suppress in OPAC No
Holdings
Withdrawn status Lost status Source of classification or shelving scheme Damaged status Not for loan Home library Current library Shelving location Date acquired Total Checkouts Full call number Barcode Date last seen Copy number Price effective from Koha item type
    Dewey Decimal Classification     IoT Library IoT Library General Stacks 01/03/2022   006.7882/SCH/2011 IOTL0003591 01/03/2022 1 01/03/2022 Books like text book referance book
    Dewey Decimal Classification     IoT Library IoT Library General Stacks 01/03/2022   006.7882/SCH/2011 IOTL0003592 01/03/2022 2 01/03/2022 Books like text book referance book
    Dewey Decimal Classification     IoT Library IoT Library General Stacks 01/03/2022   006.7882/SCH/2011 IOTL0003593 01/03/2022 3 01/03/2022 Books like text book referance book